00796nam a2200229 a 450000500170000000800410001704000270005804100080008504400070009308200180010011000540011824500750017226000730024730000710032065000140039165000230040565000100042865000360043865000150047471000330048971000440052220200104041522.0140303s1997 fr abo fr|||| 000 0 eng d aCO-BoIAVH cCO-BoIAVH 0 aeng afr04a599.676bF67p2 bFondation Ligue Francaise des Droits de I' animal10aPourles elephants /cFondation Ligue Francaise des Droits de I' animal aParís :bFondation Ligue Francaise des Droits de I' animal,c1997. a74 páginas :bIlustraciones, mapas, fotografías ;c30 x 21 cm. 6aElefantes 6aLoxodonta africana 6aCITES 6aConservación de biodiversidad 6aPolítica2 aFundation 30 Millions d'Amis2 aRassemblement des Opposants a la Chasse